Annual review of entomology. V 19 (Record no. 22716)

MARC details
000 -LEADER
fixed length control field 00322nam a2200121Ia 4500
082 ## - DEWEY DECIMAL CLASSIFICATION NUMBER
Classification number 595.7
Item number ANN.19
245 #0 - TITLE STATEMENT
Title Annual review of entomology. V 19
260 ## - PUBLICATION, DISTRIBUTION, ETC. (IMPRINT)
Place of publication California
Name of publisher Annual Reviews Inc
Year of publication 1974
650 ## - SUBJECT ADDED ENTRY--TOPICAL TERM
Topical Term Entomology
650 ## - SUBJECT ADDED ENTRY--TOPICAL TERM
Topical Term Plant pest control
942 ## - ADDED ENTRY ELEMENTS (KOHA)
Koha item type Books
Holdings
Withdrawn status Lost status Damaged status Not for loan Home library Current library Date acquired Full call number Accession Number Koha item type
        RRII Library RRII Library 16/12/2021 595.7 ANN.19 03436 Books